书目信息 |
| 题名: |
传染病学及护理
|
|
| 作者: | ;《传染病学及护理》编写修订组修 编 | |
| 分册: | ||
| 出版信息: | 北京 战士出版社 1981 |
|
| 页数: | 200页 | |
| 开本: | 20cm | |
| 丛书名: | ||
| 单 册: | ||
| 中图分类: | R51 | |
| 科图分类: | ||
| 主题词: | 传染病 | |
| 电子资源: | ||
| ISBN: | ||
| 000 | 00694nam0 2200217 450 | |
| 001 | 0658168780 | |
| 005 | 20060511161252.00 | |
| 010 | @dCNY0.73 | |
| 091 | @a14185.20 | |
| 100 | @a20060511d1981 km y0chiy0120 ea | |
| 101 | 0 | @achi |
| 102 | @aCN@b110000 | |
| 200 | 1 | @a传染病学及护理@Achuan ran bing xue ji hu li@f《传染病学及护理》编写修订组修编@F《chuan ran bing xue ji hu li》bian xie xiu ding zu xiu bian |
| 210 | @a北京@c战士出版社@d1981 | |
| 215 | @a200页@d20cm | |
| 300 | @a护士教材 | |
| 606 | 0 | @a传染病 |
| 690 | @aR51@v3 | |
| 711 | 0 | @a《传染病学及护理》编写修订组修@A《chuan ran bing xue ji hu li》bian xie xiu ding zu xiu@4编 |
| 801 | 0 | @aCN@bPFT@c20060511 |
| 905 | @a10447@dR51@e6 | |
| 传染病学及护理/《传染病学及护理》编写修订组修编.-北京:战士出版社,1981 |
| 200页;20cm |
| 护士教材 |
| ISBN :CNY0.73 |
| ● |
| 相关链接 |
|
|
|
|
正题名:传染病学及护理
索取号:R51/6
 
预约/预借
| 序号 | 登录号 | 条形码 | 馆藏地/架位号 | 状态 | 备注 |
| 1 | 0040384 | 202324038 | 密集书库/ [索取号:R51/6] | 在馆 | |
| 2 | 0040385 | 000714980 | 第二样本阅览室/ [索取号:R51/6] | 在馆 |